• 首页
  • 本馆介绍
  • 公告通知
  • 最新文献
  • 馆藏检索
  • 电子资源
  • 读者导购
  • 参考咨询
  • 我的图书馆
  • 登录
  • 详细信息显示
  • 放入我的书架
  • 预约/预借图书
  • 作者相关作品
  • 分类相关作品
  • 丛书相关作品
  • 出版社相关作品

书目信息

  • 表格格式
  • 工作单格式
  • 卡片格式
题名:
神秘的大洋
    
 
作者: 沃克 , 伍德 著 ;李乐天 译
分册:  
出版信息: 上海   上海科学技术文献出版社  2006
页数: 111页
开本: 23cm
丛书名: 海洋生命丛书
单 册:
中图分类: Q178.53
科图分类:
主题词: 大洋--海洋生物--普及读物 , 大洋 , 海洋生物
电子资源:
ISBN: 7-5439-2873-6
000 01366oam2 2200349 450
001 003275273
005 20070807161801.54
010    @a7-5439-2873-6@dCNY15.00
035    @a003275273
100    @a20060104d2006 em y0chiy0110 ea
101 1  @achi@ceng
102    @aCN@b310000
105    @aa z 000yy
106    @ar
200 1  @a神秘的大洋@Ashen mi de da yang@f(美)帕姆·沃克(Pam Walker),(美)伊莱恩·伍德(Elaine Wood)著@F( mei ) pa mu· wo ke (Pam Walker),( mei ) yi lai en· wu de (Elaine Wood) zhu@g李乐天译@Gli le tian yi
210    @a上海@c上海科学技术文献出版社@d2006
215    @a111页@c图@d23cm
225 2  @a海洋生命丛书@Ahai yang sheng ming cong shu
304    @a封面著者误题:帕姆·沃克伊莱恩·伍德
312    @a封面英文题名:The open ocean
330    @a本书介绍了神秘的大洋区,并对其中形形色色的生命形态进行分析与讲解。解释了深海中奇特的“海雪”、“虾墙”、“鲸歌”现象,描述了“维纳斯花篮”海绵与磷虾之间有趣的共生关系等。
461  0 @1001003295444@12001 @a海洋生命丛书
510 1  @aOpen ocean@zeng
606 0  @a大洋@x海洋生物@j普及读物
606 0  @a大洋
606 0  @a海洋生物
690    @aQ178.53@v4
701  0 @c(美)@a沃克@Awo ke@c(女,Walker, Pam)@4著
701  0 @c(美)@a伍德@Awu de@c(女,Wood, Elaine)@4著
702  0 @a李乐天@Ali le tian@c(英语翻译)@4译
801  0 @aCN@bNLC@c20070807
905    @dQ178.53@e149@f5
    
    神秘的大洋/(美)帕姆·沃克(Pam Walker),(美)伊莱恩·伍德(Elaine Wood)著/李乐天译.-上海:上海科学技术文献出版社,2006
    111页:图;23cm.-(海洋生命丛书)
    
    
    ISBN 7-5439-2873-6:CNY15.00
    本书介绍了神秘的大洋区,并对其中形形色色的生命形态进行分析与讲解。解释了深海中奇特的“海雪”、“虾墙”、“鲸歌”现象,描述了“维纳斯花篮”海绵与磷虾之间有趣的共生关系等。
●
相关链接 在E读中查询图书 在五车中查询图书 在当当中查询图书 在豆瓣中查询图书


正题名:神秘的大洋     索取号:Q178.53/149         预约/预借

序号 登录号 条形码 馆藏地/架位号 状态 备注
1 0853271   208532710   第二样本阅览室/ [索取号:Q178.53/149] 在馆    
2 0853272   208532729   第三借阅区/ [索取号:Q178.53/149] 在馆    
3 0853273   208532738   第三借阅区/ [索取号:Q178.53/149] 在馆    
4 0853274   208532747   第三借阅区/ [索取号:Q178.53/149] 在馆    
5 0853275   208532756   第三借阅区/ [索取号:Q178.53/149] 在馆    
唐山师范学院图书馆 欢迎您!
大连网信软件有限公司© 版权所有